|
|
|
|
| LEADER |
00000nab a2200000 a 4500 |
| 001 |
vtls001524222 |
| 003 |
SK-MaSNL |
| 005 |
20260304135020.0 |
| 008 |
250505c2004 xo qr|p|||||||000 b|slo |
| 015 |
|
|
|a SNBRB2005/04
|2 snkbucl
|
| 035 |
|
|
|a (uuid)d724c0a7-f196-410e-8003-3c81022d216c
|
| 035 |
|
|
|a urn:nbn:sk:snk-abf4he
|
| 035 |
|
|
|a (urnnbn)urn:nbn:sk:snk:ar-a09plp
|
| 038 |
|
|
|a SNKBUCL
|
| 040 |
|
|
|a SNKBUCL
|b slo
|c SNKBUCL
|e AACR2
|
| 041 |
0 |
|
|a cze
|b eng
|b cze
|
| 044 |
|
|
|a xo
|c SK
|
| 080 |
|
|
|a 678.7.01:532.135:061.5
|x (437.1/.2)
|2 1997
|
| 080 |
|
|
|a 532.135
|2 1997
|
| 100 |
1 |
|
|a Malíček, Martin
|4 aut
|9 1453677
|
| 245 |
1 |
0 |
|a Nová laboratoř rheologie plastů v a.s. Chemopetrol
|c Martin Malíček
|
| 300 |
|
|
|b Graf, tab.
|
| 504 |
|
|
|a Bibliogr. odkazy
|
| 546 |
|
|
|a Res. angl., čes.
|
| 610 |
2 |
7 |
|a Chemopetrol (Litvínov, Česko)
|2 snkbucl
|9 597673
|
| 650 |
0 |
7 |
|a plasty
|2 snkbucl
|9 3661
|
| 650 |
0 |
7 |
|a reológia
|2 snkbucl
|9 18165
|
| 650 |
0 |
7 |
|a priemyselné laboratóriá
|2 snkbucl
|9 1453678
|
| 773 |
0 |
|
|t Ropa, uhlie, plyn a petrochémia
|g Roč. 46, č. 1-2 (2004), s. 50-54
|x 1335-7727
|
| 850 |
|
|
|a Slovenská národná knižnica
|
| 852 |
|
|
|a Slovenská národná knižnica
|
| 958 |
|
|
|a article27
|
| 958 |
|
|
|a OND
|
| 958 |
|
|
|a NB
|
| 958 |
|
|
|a CZ
|
| 958 |
|
|
|a EUIPO
|
| 999 |
|
|
|c 2909080
|d 2911010
|